| 000 | 00875nas a2200301 4500 | ||
|---|---|---|---|
| 001 | BR7700640 | ||
| 003 | BR-BrBNA | ||
| 005 | 20231205083048.0 | ||
| 007 | ta | ||
| 008 | 230509b bl.|||p| |||| 00| 00por d | ||
| 040 |
_aBR-BrBNA _bpor _cBiblioteca Nacional de Agricultura |
||
| 041 | _a(Pt) | ||
| 072 | _aH20 | ||
| 100 | 1 | _aSugimori, M.H. | |
| 100 | 1 | _aSoave, J. | |
| 100 | 1 | _aParadela Filho, O. | |
| 100 | 1 | _aMoraes, S.A. | |
| 100 | 1 | _aRibeiro, I.J.A. | |
| 100 | 1 | _aIto, M.F. | |
| 245 | 1 | _aConstatacao de teliosporos de Hemileia vastatrix Berk e Br. no Brasil [ferrugem, cafe, Coffea arabica] | |
| 650 | _aCAFE | ||
| 650 | _aFERRUGEM | ||
| 650 | _aFUNGO | ||
| 650 | _aTELIOSPORO | ||
| 773 | 0 |
_tSumma Phytopathologica (Brazil) _xISSN 0100-5405 _g(Oct 1976), v. 2(4) p. 299-302 _wBR7700640 |
|
| 909 |
_a202311 _bLúcia _c55 _dLúcia Elande |
||
| 942 |
_2AGRIS _n0 _cANA |
||
| 999 |
_c96124 _d96124 |
||